000
00198 a2200097 4500
020
_a
9700300366
041
_a
spa
100
_a
Fernandez Editores
245
_a
Encuentros Extragalacticos
942
_c
K
999
_c
28840
_d
28840